LEADER 02829nam 2200661 a 450 001 9910458711503321 005 20200520144314.0 010 $a1-281-43097-8 010 $a9786611430979 010 $a0-226-26794-6 024 7 $a10.7208/9780226267944 035 $a(CKB)1000000000401037 035 $a(EBL)408249 035 $a(OCoLC)476228207 035 $a(SSID)ssj0000143119 035 $a(PQKBManifestationID)11158947 035 $a(PQKBTitleCode)TC0000143119 035 $a(PQKBWorkID)10128934 035 $a(PQKB)11654011 035 $a(MiAaPQ)EBC408249 035 $a(DE-B1597)535765 035 $a(OCoLC)781253696 035 $a(DE-B1597)9780226267944 035 $a(Au-PeEL)EBL408249 035 $a(CaPaEBR)ebr10230018 035 $a(CaONFJC)MIL143097 035 $a(EXLCZ)991000000000401037 100 $a19811014d1982 uy 0 101 0 $aeng 135 $aur|n|---||||| 181 $ctxt 182 $cc 183 $acr 200 00$aEconomic aspects of health$b[electronic resource] /$fedited by Victor R. Fuchs 210 $aChicago $cUniversity of Chicago Press$dc1982 215 $a1 online resource (346 p.) 225 1 $aA Conference report / National Bureau of Economic Research 300 $a"Papers ... presented at the Second NBER Conference on Health Economics held at Stanford, California on 30-31 July 1980"--Introd. 311 $a0-226-26785-7 320 $aIncludes bibliographies and indexes. 327 $apt. 1. Determinants of health -- pt. 2. Consequences of ill health -- pt. 3. Health and public policy. 330 $aUnlike earlier work in medical economics, which has focused on medical care, these ten papers stress the production and consequences of health itself. They reveal a serious concern with real-world health problems in their investigation of such subjects as infant mortality, life expectancy, morbidity, and disability. These papers are unusual, as well, in bringing to bear on these problems new and powerful theoretical and statistical tools. They draw on, and in some cases are, original sources for new bodies of data. As such, Economic Aspects of Health comprises a useful blend of relevance and rigor. 410 0$aConference report (National Bureau of Economic Research) 606 $aMedical economics$vCongresses 606 $aHealth status indicators$vCongresses 608 $aElectronic books. 615 0$aMedical economics 615 0$aHealth status indicators 676 $a362.1/042 701 $aFuchs$b Victor R$046998 712 12$aNBER Conference on Health Economics$d(2nd :$f1980 :$eStanford, Calif.) 801 0$bMiAaPQ 801 1$bMiAaPQ 801 2$bMiAaPQ 906 $aBOOK 912 $a9910458711503321 996 $aEconomic aspects of health$92014782 997 $aUNINA LEADER 04746nam 22007215 450 001 9910357843003321 005 20251225200633.0 010 $a981-15-1850-5 024 7 $a10.1007/978-981-15-1850-8 035 $a(CKB)4100000009939692 035 $a(MiAaPQ)EBC5986258 035 $a(DE-He213)978-981-15-1850-8 035 $a(PPN)258060212 035 $a(EXLCZ)994100000009939692 100 $a20191126d2019 u| 0 101 0 $aeng 135 $aurcnu|||||||| 181 $ctxt$2rdacontent 182 $cc$2rdamedia 183 $acr$2rdacarrier 200 10$aComputer Engineering and Technology $e23rd CCF Conference, NCCET 2019, Enshi, China, August 1?2, 2019, Revised Selected Papers /$fedited by Weixia Xu, Liquan Xiao, Jinwen Li, Zhenzhen Zhu 205 $a1st ed. 2019. 210 1$aSingapore :$cSpringer Nature Singapore :$cImprint: Springer,$d2019. 215 $a1 online resource (x, 193 pages) $cillustrations 225 1 $aCommunications in Computer and Information Science,$x1865-0937 ;$v1146 311 08$a981-15-1849-1 327 $aConfidence Value: A Novel Evaluation Index of Side-Channel Attack -- Design of High Precision Band-Pass Sigma-Delta ADC in MEMS Gyroscope -- An Efficient Rule Processing Architecture Based on Reconfigurable Hardware -- Performance Analysis of Existing SIMD Architectures -- A coherent and power-efficient optical memory access network for kilo-core processor -- CoEM: A Software and Hardware Co-design Event Management System for Middlebox -- A Battery SOC Prediction Method Based on GA-CNN Network and Its Implementation on FPGA -- The Implementation of a Configurable MBIST Controller for Multi-core SoC -- Neuromodulation in Plastic Convolutional Neural Networks -- Structure Design of a Fully Enclosed Airborne Reinforcement Computer -- Design Discussion and Performance Research of the Third-level Cache in a Multi-socket, Multi-core Microchip -- An efficient and reliable retransmission mechanism for on-chip network of many-core processor -- Anti-vibration performance and Electromagnetic Compatibility Design for the Shipborne Reinforced Computer -- Effect of Passivating and Metallization Layers on Low Energy Proton Induced Single-Event Upset -- Design and Realization of Integrated Service Access Gateway (ISAG) for Integrated Fusion Shipboard network -- A Convolutional Neural Networks accelerator based on parallel memory -- RCTS: Random Cyclic Testing System -- Evaluation and Optimization of Interrupt Response Mechanism in RISC-V Architecture -- Numerical Analysis and Experimental Study on Heat Dissipation Performance of Sealed Rugged Server -- Design of High Performance Server for Shipboard Common Computing Applications -- Automated Deadlock Verification for On-chip Cache Coherence and Interconnects Through Extended Channel Dependency Graph. 330 $aThis book constitutes the refereed proceedings of the 23rd CCF Conference on Computer Engineering and Technology, NCCET 2019, held in Enshi, China, in August 2019. The 21 full papers presented were carefully reviewed and selected from 87 submissions. They address important and emerging challenges in the field of computer engineering and technology. 410 0$aCommunications in Computer and Information Science,$x1865-0937 ;$v1146 606 $aMicroprocessors 606 $aComputer architecture 606 $aMicroprogramming 606 $aComputer input-output equipment 606 $aComputer networks 606 $aComputer systems 606 $aProcessor Architectures 606 $aControl Structures and Microprogramming 606 $aInput/Output and Data Communications 606 $aComputer Communication Networks 606 $aComputer System Implementation 615 0$aMicroprocessors. 615 0$aComputer architecture. 615 0$aMicroprogramming. 615 0$aComputer input-output equipment. 615 0$aComputer networks. 615 0$aComputer systems. 615 14$aProcessor Architectures. 615 24$aControl Structures and Microprogramming. 615 24$aInput/Output and Data Communications. 615 24$aComputer Communication Networks. 615 24$aComputer System Implementation. 676 $a621.39 702 $aXu$b Weixia$4edt$4http://id.loc.gov/vocabulary/relators/edt 702 $aXiao$b Liquan$4edt$4http://id.loc.gov/vocabulary/relators/edt 702 $aLi$b Jinwen$4edt$4http://id.loc.gov/vocabulary/relators/edt 702 $aZhu$b Zhenzhen$4edt$4http://id.loc.gov/vocabulary/relators/edt 801 0$bMiAaPQ 801 1$bMiAaPQ 801 2$bMiAaPQ 906 $aBOOK 912 $a9910357843003321 996 $aComputer Engineering and Technology$91939209 997 $aUNINA